1317 1829 1571 1765 1272 1455 1057 1793 1345 1344 1831 1429 1746 1007 1398 1325 1760 1221 1974 1297 1479 1343 1785 1990 1411 1065 1915 1792 1806 1209 1357 1919 1690 1448 1126 1908 1498 1141 1388 1412 1464 1041 1972 1039 1633 1982 1785 1107 1039 1136 1300 1772 1296 1080 1044 1484 1970 1888 1359 1719 1176 1983 1600 1436 1645 1806 1617 1744 1490 1597 1316 1043 1607 1227 1859 1960 1646 1997 1031 1886 1004 1622 1268 1534 1189 1293 1211 1792 1267 1785 1964 1160 1686 1856 1589 1395 1432 1214 1382 BCNSPRNW ULIB Ver.6.0+V

เปลี่ยนเป็นภาษาไทย

Change to English
 แสดงรายละเอียดบรรณานุกรม
  กลับหน้าหลัก

Brief Record : Get Marc (ISO 2709) : E-mail record : QR code < ปิดหน้าต่าง
LEADER : 00000nam 2200000uu 4500
001    13399110569
003     ULIB
008    110603s2551||||th 000 0 tha d
020    9789744140555
050  4 JK421^bด896ว 2551
100 1  เดลี, ปีเตอร์ เอช.,^dค.ศ.1941-
245 10 90 วันอันตรายสำหรับผู้บริหารและผู้นำองค์กรภาครัฐ =^bThefirst 90 days in government /^cผู้เขียน, Peter H. Daly, Michael Wathins และ Cate Reavis ; แปลและเรียบเรียงโดย ณัฐยา สินตระการผล
246 30 The first 90 days in government
250    พิมพ์ครั้งที่ 1
260    กรุงเทพฯ :^bเอ็กซเปอร์เน็ท,^c2551
300    371 หน้า :^bภาพประกอบ ;^c24 ซม.
500    แปลจาก The first 90 days in government : critical successstrategies for new public managers at all levels / Peter H. Daly and Michael Watkins with Cate Reavis., c2006
650  7 การบริหารรัฐกิจ^zสหรัฐอเมริกา
650  7 ราชการพลเรือน^zสหรัฐอเมริกา
700 1  วัตกินส์, ไมเคิล,^dค.ศ.1956-
700 1  รี่วิส, เคท
700 0  ณัฐยา สินตระการผล,^eผู้แปล
700 12 Daly, Peter H..^tThe first 90 days in government
700 12 Wathins, Michael.^tThe first 90 days in government
700 12 Reavis, Cate.^tThe first 90 days in government
945    ^p340^l0^i18211
995    เกษร
999    ^aใช้งานได้ทุกระบบ
รายการนี้ยังไม่มีแท็ก
คุณยังไม่ได้ล็อกอิน คุณสามารถมีกิจกรรมร่วมกับเว็บไซต์ได้ แต่ต้องล็อกอินก่อน ::
  ล็อกอิน

รายการสื่อสารสนเทศ

ลำดับที่ ประเภท เลขเรียก/บาร์โค้ด สถานที่ สถานะ
- ไม่พบข้อมูล -

BibComment


ยังไม่เคยถูกคอมเมนท์

คอมเมนท์ทรัพยากรรายการนี้
  คอมเมนท์: 90 วันอันตรายสำหร..


 Copyright 2026. Bcnsprnw @Library